KOHA-Header-6

Management (Record no. 957)

000 -LEADER
fixed length control field 00476nam a2200181Ia 4500
003 - CONTROL NUMBER IDENTIFIER
control field OSt
005 - DATE AND TIME OF LATEST TRANSACTION
control field 20211201133230.0
008 - FIXED-LENGTH DATA ELEMENTS--GENERAL INFORMATION
fixed length control field 190722s9999 xx 000 0 und d
020 ## - INTERNATIONAL STANDARD BOOK NUMBER
International Standard Book Number 978-9332585874
040 ## - CATALOGING SOURCE
Transcribing agency maju
100 ## - MAIN ENTRY--PERSONAL NAME
Personal name Robbins, Coulter, Vohra
245 #0 - TITLE STATEMENT
Title Management
250 ## - EDITION STATEMENT
Edition statement 10th edition
260 ## - PUBLICATION, DISTRIBUTION, ETC. (IMPRINT)
Place of publication, distribution, etc New Delhi (India)
Name of publisher, distributor, etc Dorling Kindersley India Pvt. Ltd. / Pearson India Education services
Date of publication, distribution, etc 2016
300 ## - PHYSICAL DESCRIPTION
Extent 548p.:
942 ## - ADDED ENTRY ELEMENTS (KOHA)
Koha item type Books
Source of classification or shelving scheme
942 ## - ADDED ENTRY ELEMENTS (KOHA)
Source of classification or shelving scheme
Holdings
Withdrawn status Lost status Source of classification or shelving scheme Damaged status Not for loan Collection code Permanent Location Current Location Shelving location Date acquired Total Checkouts Total Renewals Full call number Barcode Date last seen Date checked out Price effective from Koha item type
          Management MAJU MAJU   2019-07-22 10 10 658 7582 2022-11-10 2022-11-02 2019-07-22 Management

Powered by Koha